Transcontinental Countries Quiz Stats

Quiz not verified by Sporcle

Challenge
Share
Tweet
Embed
Score 0/24 Timer 05:00
0 Plays Today
Continents Country % Correct
Europe, AsiaRussia
97.6%
Asia, EuropeTurkey
95.6%
Europe, North America, South America, Asia, Africa, Oceania, AntarcticaUnited Kingdom
93.8%
Europe, North America, South America, Africa, Oceania, AntarcticaFrance
90.9%
Africa, AsiaEgypt
90.6%
North America, Oceania, AsiaUnited States of America
90.2%
Europe, ΑfricaSpain
87.9%
Europe, North AmericaDenmark
85.8%
Oceania, Antarctica, AsiaAustralia
83.2%
Asia, OceaniaIndonesia
79.7%
Europe, AfricaPortugal
78.6%
Europe, AntarcticaNorway
77.8%
Continents Country % Correct
Europe, North AmericaKingdom of the Netherlands
77.3%
Europe, AfricaItaly
77%
South America, OceaniaChile
76.7%
Europe, AsiaGeorgia
69%
Asia, OceaniaJapan
68.7%
Europe, AsiaGreece
62.9%
Asia, EuropeAzerbaijan
62.9%
South America, North AmericaColombia
62.9%
Asia, EuropeKazakhstan
57.7%
South America, North AmericaVenezuela
56.2%
Europe, North AmericaIceland
51.1%
Asia, AfricaYemen
49.5%

You're not logged in!

Compare scores with friends on all Sporcle quizzes.
Join for Free
OR
Log In

You Might Also Like...

Show Comments

Extras

Top Quizzes Today


Score Distribution

Your Account Isn't Verified!

In order to create a playlist on Sporcle, you need to verify the email address you used during registration. Go to your Sporcle Settings to finish the process.

Report this User

Report this user for behavior that violates our Community Guidelines.

Details: